000 00854nam a22001577a 4500
008 100725t xxu||||| |||| 00| 0 eng d
082 _222
_a219.1
_bن د و
245 _aالمنظمات الطلابية الإسلامية:
_bدورها ومشكلاتها :
_cندوة الشباب العالمية للدعوة الإسلامية /
_hالندوة العالمية للشباب الإسلامى
250 _aط2.
260 _a[الرياض] :
_bالعبيكان,
_c1985.
300 _a425 ص؛
_c20 سم.
650 _916805
_aالإسلام والإصلاح الإجتماعى
710 _916808
_aالندوة العالمية للشباب الإسلامى
942 _2ddc
_cBB
999 _c14548
_d14548